000 00213nam a22000977a 4500
999 _c15953
_d15953
003 OSt
008 191024b ||||| |||| 00| 0 eng d
100 _aMadhavan ,nair K.
_94426
245 _aPension kunnu
942 _cBK